00377nam a2200169Ia 4500003000400000005001700004008004100021040000700062041000800069082001500077100002200092245003300114260002000147300000900167650001200176700001900188OSt20260123111735.0250729s2003 xx 000 0 und d cAL aeng a020.2 GOKS aGovt of Karnataka aSocial science part I 10 Std aBangalorec2003 a155p aHistory aGoo Digumurthi